00853nam a22002297a 45000010006000000050017000060080041000230200018000640410008000820820023000901000040001132450138001532500022002912600074003133000035003874400007004226500008004296530092004376540008005297000007005378560079005442551620260428111812.0260428b |||||||| |||| 00| 0 spa d a9786124460715 aESP a321.8042bH44 V. 1 aHernández Chávez, Pedro A.eAUT aEl modelo de gobierno peruano :bun neopresidencialismo disfuncional : sobre la necesidad de rediseñar nuestro régimen político aPrimera edición aLima :bUniversidad de San Martín de Porres, Fondo Editorial,c2025 axxxvi, 394 páginas :c25 cm. a ; aCIS aCiencia política; Sistemas de gobierno; Gobierno democrático; Gobierno presidencial aCDE a;  uhttps://itmsp.museknowledge.com/UCSP?groupID=2zVéase Biblioteca Digital